000 00412nam a2200133Ia 4500
005 20250424120252.0
008 250424s9999 xx 000 0 und d
022 _a23158913
050 _aNA 1599.N5 .J68/
245 0 _aJournal : journal of the Nigerian Institute of Architects.
260 _c2015
650 _aArchitecture--Nigeria--Periodicals. Architecture--Developing countries--Periodicals.
942 _cSR
999 _c38344
_d38344